| 000 | 01899nas a2200313 i 4500 | ||
|---|---|---|---|
| 001 | 173061 | ||
| 003 | ES-MaACL | ||
| 005 | 20250821112348.0 | ||
| 007 | t| | ||
| 008 | 091021c19181919sp a| | 1 ||pa d | ||
| 040 | _cES-MaACL | ||
| 080 | _a3 : 061.12(460) | ||
| 110 | 2 |
_aReal Academia de Ciencias Morales y Políticas (España) _9222050 |
|
| 245 | 1 | 0 |
_aDiscursos de recepción leídos en la Real Academia de Ciencias Morales y Políticas _g(1918-1919) |
| 260 |
_aMadrid : _b[s. n.], _c1918 _f(Est. Tip. de Jaime Ratés) |
||
| 300 |
_a1 v. ; _c26 cm. |
||
| 505 | _aT. XII: El uso, los usos sociales y los usos convencionales en el código civil español / Felipe Clemente de Diego (122 p.). Contestación / Ángel Salcedo y Ruiz (p. 123-143). Ensayo de exposición histórico-crítica de las mas importantes doctrinas sociales y del intervencionismo de Estado con aplicación en España / Fermín Calbetón (p. 145-304). Contestación / Amós Salvador (p. 305-316). El ciclo de las sociedades políticas: formación, conservación y disolución / Manuel de Burgos y Mazo (p. 317-540). Contestación / Adolfo Bonilla San Martín (p. 541-560). El trabajo manual en las reglas monásticas / Luis Redonet y López Dóriga (p. 561-739). Contestación / Adolfo Bonilla y San Martín (p. 740-752). | ||
| 700 | 1 |
_aDiego y Gutiérrez, Felipe Clemente de, _9234641 _d1866-1945 _eaut |
|
| 700 | 1 |
_aSalcedo Ruiz, Ángel. _9101855 _eaut |
|
| 700 | 1 |
_aCalbetón y Blanchón, Fermín. _933559 _eaut |
|
| 700 | 1 |
_aSalvador y Rodrigáñez, Amós, _d1845-1922 _eaut _9102102 |
|
| 700 | 1 |
_aBurgos y Mazo, Manuel de. _932669 _eaut |
|
| 700 | 1 |
_aBonilla y San Martín, Adolfo, _d1875-1926 _930193 _eaut |
|
| 700 | 1 |
_aRedonet y López-Dóriga, Luis, _d1875-1972 _eaut _995833 |
|
| 852 |
_aES-MaACL _jK-194 |
||
| 942 |
_cMONOGRAFIA _n0 |
||
| 999 |
_c173061 _d173061 |
||